<?xml version="1.0" encoding="UTF-8"?>
<record
    xmlns:xsi="http://www.w3.org/2001/XMLSchema-instance"
    xsi:schemaLocation="http://www.loc.gov/MARC21/slim http://www.loc.gov/standards/marcxml/schema/MARC21slim.xsd"
    xmlns="http://www.loc.gov/MARC21/slim">

  <leader>00775na  a2200217   4500</leader>
  <controlfield tag="001">19172</controlfield>
  <controlfield tag="003">MIRAKIL</controlfield>
  <controlfield tag="005">20181213155057.0</controlfield>
  <controlfield tag="008">161209b        tu            000 0      </controlfield>
  <datafield tag="040" ind1=" " ind2=" ">
    <subfield code="a">Milas</subfield>
    <subfield code="b">tur</subfield>
    <subfield code="c">TR-AnCHP</subfield>
  </datafield>
  <datafield tag="041" ind1=" " ind2=" ">
    <subfield code="a">tur</subfield>
  </datafield>
  <datafield tag="082" ind1=" " ind2=" ">
    <subfield code="a">351.72256</subfield>
    <subfield code="b">A93b 1996</subfield>
  </datafield>
  <datafield tag="090" ind1=" " ind2=" ">
    <subfield code="a">351.72256 A93b 1996</subfield>
  </datafield>
  <datafield tag="100" ind1=" " ind2=" ">
    <subfield code="a">Ayhan, Cevat</subfield>
  </datafield>
  <datafield tag="245" ind1=" " ind2=" ">
    <subfield code="a">Bay&#x131;nd&#x131;rl&#x131;k ve &#x130;skan Bakan&#x131; Cevat Ayhan'&#x131;n 1997 mali y&#x131;l&#x131; B&#xFC;t&#xE7;e Kanunu Tasar&#x131;s&#x131;'n&#x131; T&#xFC;rkiye B&#xFC;y&#xFC;k Millet Meclisi Genel Kurulu'na sunu&#x15F; konu&#x15F;mas&#x131;</subfield>
    <subfield code="c">Cevat Ayhan</subfield>
  </datafield>
  <datafield tag="260" ind1=" " ind2=" ">
    <subfield code="a">Ankara</subfield>
    <subfield code="b">Bay&#x131;nd&#x131;rl&#x131;k ve &#x130;skan Bakanl&#x131;&#x11F;&#x131;</subfield>
    <subfield code="c">1996</subfield>
  </datafield>
  <datafield tag="300" ind1=" " ind2=" ">
    <subfield code="a">37 s.</subfield>
    <subfield code="b">tbl.</subfield>
    <subfield code="c">21 sm.</subfield>
  </datafield>
  <datafield tag="610" ind1=" " ind2=" ">
    <subfield code="a">Bay&#x131;nd&#x131;rl&#x131;k ve &#x130;skan Bakanl&#x131;&#x11F;&#x131;</subfield>
    <subfield code="x">B&#xFC;t&#xE7;e, 1997</subfield>
  </datafield>
  <datafield tag="650" ind1=" " ind2=" ">
    <subfield code="a">B&#xFC;t&#xE7;e kanunu</subfield>
    <subfield code="x">Sunu&#x15F; konu&#x15F;malar&#x131;</subfield>
  </datafield>
  <datafield tag="942" ind1=" " ind2=" ">
    <subfield code="2">dcc</subfield>
    <subfield code="c">BKS</subfield>
  </datafield>
  <datafield tag="952" ind1=" " ind2=" ">
    <subfield code="a">0001</subfield>
    <subfield code="b">0001</subfield>
    <subfield code="d">2016-12-09</subfield>
    <subfield code="e">2</subfield>
    <subfield code="l">0</subfield>
    <subfield code="o">351.72256 A93b 1996</subfield>
    <subfield code="p">008979</subfield>
    <subfield code="r">2016-12-09 00:00:00</subfield>
    <subfield code="v">0.00</subfield>
    <subfield code="w">2016-12-09</subfield>
    <subfield code="y">BKS</subfield>
  </datafield>
  <datafield tag="999" ind1=" " ind2=" ">
    <subfield code="c">6144</subfield>
    <subfield code="d">6144</subfield>
  </datafield>
</record>
